| 000 | 00794pam a2200265 i 4500 | ||
|---|---|---|---|
| 001 | 4171772 | ||
| 003 | NUST - PNEC | ||
| 005 | 20170116181108.0 | ||
| 008 | 790426s1979 paua 001 0 eng | ||
| 010 | _a 79012563 | ||
| 020 |
_a0830697861 : _c$12.95 |
||
| 020 |
_a0830611444 (pbk.) : _c$7.95 |
||
| 040 |
_aDLC _cLIBRARY _dDLC |
||
| 050 | 0 | 0 |
_aTT191 _b.S44 |
| 082 | 0 | 0 | _a674.834 SEL |
| 100 | 1 | _aSelf, Charles R. | |
| 245 | 1 | 0 |
_aWorking with plywood, including indoor/outdoor projects / _cby Charles R. Self. |
| 250 | _a1st ed. | ||
| 260 |
_aBlue Ridge Summit, Pa. : _bTab Books, _c1979. |
||
| 300 |
_a384 p. : _bill. ; _c22 cm. |
||
| 500 | _aIncludes index. | ||
| 650 |
_912721 _bMechanical engineering _xME |
||
| 906 |
_a7 _bcbc _corignew _d1 _eocip _f19 _gy-gencatlg |
||
| 942 |
_2ddc _cBK |
||
| 999 |
_c68995 _d68995 |
||